LEADER 01379nam--2200385---450- 001 990003091070203316 005 20081209151713.0 010 $a978-88-464-8226-6 035 $a000309107 035 $aUSA01000309107 035 $a(ALEPH)000309107USA01 035 $a000309107 100 $a20080407d2007----km-y0itay50------ba 101 $aita 102 $aIT 105 $a||||||||001yy 200 1 $a<> responsabilità sociale nel rapporto banca-impresa$ei nuovi accordi di Basilea come occasione di aumento della trasparenza e rilancio della competitività$fGianluca De Nardi, Fabio De Vincenti 210 $aMilano$cFranco Angeli$dcopyr. 2007 215 $a93 p.$d24 cm 225 2 $aEconomia$iRicerche$v502 410 0$12001$aEconomia$iRicerche 606 0 $aAziende$xCredito bancario*$aBNCF 676 $a332.10684 700 1$aDE NARDI,$bGianluca$0601033 701 1$aDE VINCENTI,$bFabio$0601034 801 0$aIT$bsalbc$gISBD 912 $a990003091070203316 951 $a332.106 DEN 1a (IRA 11 327)$b16384 EC.$cIRA$d00210314 951 $a332.106 DEN 1 (IRA 11 327)$b16385 EC.$cIRA 11$d00210315 959 $aBK 979 $aCHIARA$b90$c20080407$lUSA01$h0956 979 $aRSIAV2$b90$c20081209$lUSA01$h1514 979 $aRSIAV2$b90$c20081209$lUSA01$h1517 996 $aResponsabilità sociale nel rapporto banca-impresa$91019612 997 $aUNISA LEADER 03694oam 2200505 450 001 9910483153803321 005 20220217224105.0 010 $a3-662-60857-X 024 7 $a10.1007/978-3-662-60857-9 035 $a(CKB)4100000011752017 035 $a(DE-He213)978-3-662-60857-9 035 $a(MiAaPQ)EBC6475841 035 $a(PPN)253855934 035 $a(EXLCZ)994100000011752017 100 $a20210704d2021 uy 0 101 0 $aeng 135 $aurnn#008mamaa 181 $ctxt$2rdacontent 182 $cc$2rdamedia 183 $acr$2rdacarrier 200 14$aThe diesel engine /$fMichael Hilgers; Wilfried Achenbach 205 $a1st ed. 2021. 210 1$aBerlin, Germany :$cSpringer Vieweg,$d[2021] 210 4$d©2021 215 $a1 online resource (X, 75 p. 27 illus., 10 illus. in color.) 225 1 $aCommercial vehicle technology 311 $a3-662-60856-1 320 $aIncludes bibliographical references and index. 327 $aDiesel fuel and air -- The mechanics of the engine -- Integrating the engine in the vehicle -- The fuel system and fuel injection -- The exhaust system -- Thermodynamics -- Abbreviations and symbols. 330 $aThe aim of this work, consisting of 9 individual, self-contained booklets, is to describe commercial vehicle technology in a way that is clear, concise and illustrative. Compact and easy to understand, it provides an overview of the technology that goes into modern commercial vehicles. Starting from the customer's fundamental requirements, the characteristics and systems that define the design of the vehicles are presented knowledgeably in a series of articles, each of which can be read and studied on their own. This volume, The Diesel Engine, provides an initial overview of the vast topic that is the diesel engine. It offers basic information about the mechanical functioning of the engine. The integration of the engine in the vehicle and major systems such as the cooling system, the fuel system and the exhaust gas treatment system are explained so that readers in training and in a practical setting may gain an understanding of the diesel engine. Content Diesel fuel and air.- The mechanics of the engine.- Integrating the engine in the vehicle.- The fuel system and fuel injection.- The exhaust system.- Thermodynamics.- Abbreviations and symbols. The target groups Participants in master classes and those studying individual aspects of commercial vehicle technology Professors and lecturers instructing in the field of commercial vehicle technology Consultants and experts who need background knowledge and technical expertise regarding commercial vehicle technology Personnel working in the commercial vehicle technology or supply industry who are assigned to a new work area Cost planners and logistics companies The Authors Dr. Michael Hilgers is currently director of the testing center at BFDA, a Foton Daimler truck joint venture in China. Before that he was head of different development departments in Commercial Vehicle Development at Mercedes-Benz Trucks. Dr. Wilfried Achenbach has worked in the automotive industry for over 30 years. Recently he retired as Head of Development at Daimler Trucks North America. 410 0$aCommercial vehicle technology. 606 $aTrucks$xMotors (Diesel) 606 $aDiesel trucks 615 0$aTrucks$xMotors (Diesel) 615 0$aDiesel trucks. 676 $a629.224 700 $aHilgers$b Michael$0845980 702 $aAchenbach$b Wilfried 801 0$bMiAaPQ 801 1$bMiAaPQ 801 2$bUtOrBLW 906 $aBOOK 912 $a9910483153803321 996 $aThe diesel engine$92596808 997 $aUNINA